[Event "DEN-ch sf"]
[Site "Svendborg"]
[Date "2020.10.17"]
[Round "6"]
[White "Haubro, Sigfred"]
[Black "Rewitz, Poul"]
[Result "0-1"]
[WhiteElo "2163"]
[BlackElo "2222"]
[PlyCount "84"]
[EventDate "2020.10.09"]
[EventType "swiss"]
[EventRounds "9"]
[EventCountry "DEN"]
[SourceTitle "CBM 198 Extra"]
[Source "ChessBase"]
[SourceDate "2020.11.30"]
[SourceVersion "1"]
[SourceVersionDate "2020.11.30"]
[SourceQuality "1"]

1. Nf3 c6 2. b3 f5 3. Bb2 e6 4. e3 Nf6 5. d4 Be7 6. Bd3 0-0 7. Nbd2 d5 8. 0-0 a5 9. a4 Na6 10. c3 Bd7 11. Qe2 Be8 12. Ne5 Bh5 13. f3 Nd7 14. Nxc6 bxc6 15. Bxa6 Qb6 16. Bd3 e5 17. Qf2 c5 18. Bb5 Rad8 19. Rae1 cxd4 20. exd4 e4 21. f4 Nf6 22. h3 Bf7 23. Rc1 Nh5 24. Qe3 Qh6 25. Rcd1 g5 26. fxg5 Bxg5 27. Qe1 Be3+ 28. Kh1 f4 29. Ba3 Ng3+ 30. Kh2 Rfe8 31. Rg1 Re6 32. Nf1 Bxg1+ 33. Kxg1 Rg6 34. Kh2 Nf5 35. Bc1 Kh8 36. Qf2 Rdg8 37. Bd7 Rxg2+ 38. Qxg2 Rxg2+ 39. Kxg2 f3+ 40. Kg1 Qg7+ 41. Kf2 Qg2+ 42. Ke1 Qe2# 0-1

[Event "DEN-ch sf"]
[Site "Svendborg"]
[Date "2020.10.15"]
[Round "4"]
[White "Rewitz, Poul"]
[Black "Georgescu, Lena"]
[Result "1-0"]
[WhiteElo "2222"]
[BlackElo "2276"]
[PlyCount "83"]
[EventDate "2020.10.09"]
[EventType "swiss"]
[EventRounds "9"]
[EventCountry "DEN"]
[SourceTitle "CBM 198 Extra"]
[Source "ChessBase"]
[SourceDate "2020.11.30"]
[SourceVersion "1"]
[SourceVersionDate "2020.11.30"]
[SourceQuality "1"]

1. c4 Nf6 2. Nc3 c5 3. Nf3 e6 4. e4 Nc6 5. d4 cxd4 6. Nxd4 Bb4 7. Nxc6 dxc6 8. Qxd8+ Kxd8 9. e5 Bxc3+ 10. bxc3 Nd7 11. Bg5+ Kc7 12. Be7 Nxe5 13. c5 Nd7 14. h4 b6 15. Bd6+ Kd8 16. h5 h6 17. Rh4 Nxc5 18. Rg4 Rg8 19. Be5 g6 20. 0-0-0+ Bd7 21. Be2 Kc8 22. Rgd4 a5 23. g3 gxh5 24. Bd6 Be8 25. Bxh5 Kb7 26. Bf3 f6 27. Bxc5 bxc5 28. Rd6 Rc8 29. Rxe6 Rf8 30. Rdd6 Bf7 31. Rd7+ Rc7 32. Rxc7+ Kxc7 33. Rxf6 Kd7 34. Bh5 Ke7 35. Rxf7+ Rxf7 36. Bxf7 Kxf7 37. Kd2 Ke6 38. Ke3 Kf5 39. f3 h5 40. Kd3 Ke5 41. Kc4 Kd6 42. a4 1-0